000 00462nam a2200145 a 4500
005 20140412111238.0
008 010330s19uu xx 00 eng d
020 _a971-134-068-2
050 _aFil 782.42
_bHi57 1988
245 _aMga himig at awit ng Pilipinas, vol. II-A :
_billustrated children's songbook with music notes and cassette.
260 _aMakati :
_bBookmark Inc,
_c1988.
300 _a24 p. ; ill.
650 _aPhilippine songs
999 _c102560
_d102560